Loading...

Yaknjam /

Bibliographic Details
Main Author: Vinayan
Format: Printed Book
Language:Malayalam
Published: Orovin Publishers , 1973.
Subjects:
LEADER 00471nam a2200157Ia 4500
008 150624b xxu||||| |||| 00| f mal d
082 |a 853.3V2 
100 |a Vinayan 
245 |c Vinayan  |a Yaknjam / 
260 |b Orovin Publishers ,  |c 1973. 
300 |a 179 p. 
546 |a In Malayalam. 
650 |v Novel 
942 |c BK 
999 |c 73265  |d 73265 
952 |0 1  |1 0  |4 0  |6 853_000000000000000_3V2_YAJ_M  |7 0  |9 73211  |a UL  |b UL  |c ST1  |d 1998-08-28  |l 0  |o 853.3V2 YAJ M  |p 13408  |r 2012-10-27  |w 2012-10-27  |y BK